000 00258nam a2200097Ia 4500
008 240331s9999 xx 000 0 und d
082 _bANO
100 _aMohsin,N. ed
245 0 _aAnother world is possible :
_bcultures of conflicst envisioning peace
942 _cL
999 _c4465
_d4465